header

Visual guide to chart patterns (Record no. 52807)

MARC details
000 -LEADER
fixed length control field 01457nam a2200361 a 4500
082 04 - DEWEY DECIMAL CLASSIFICATION NUMBER
Classification number 332.63/2042
100 1# - MAIN ENTRY--AUTHOR NAME
Personal name Bulkowski, Thomas N.,
245 10 - TITLE STATEMENT
Title Visual guide to chart patterns
260 ## - PUBLICATION, DISTRIBUTION, ETC. (IMPRINT)
Place of publication Hoboken, N.J. :
Name of publisher Bloomberg Press,
Year of publication c2013.
300 ## - PHYSICAL DESCRIPTION
Number of Pages xi, 328 p. :
Other physical details col. ill.
505 0# - FORMATTED CONTENTS NOTE
Formatted contents note pt. 1. The basics -- pt. 2. Pattern identification -- pt. 3. Basic buy setups -- pt. 4. Basic sell signals.
650 #0 - SUBJECT ADDED ENTRY--TOPICAL TERM
Topical Term Stocks
Topical Term Stocks
Topical Term Investment analysis.
Topical Term Speculation.
856 40 - ELECTRONIC LOCATION AND ACCESS
Uniform Resource Identifier http://site.ebrary.com/lib/rucke/Doc?id=10630569

No items available.

© 2026 Rongo University
Contact us: librarian | system librarian | Rongo university